| 000 | 01665 a2200205 4500 | ||
|---|---|---|---|
| 001 | 29297 | ||
| 005 | 20260407155602.0 | ||
| 008 | 260407a1974 arg spa d | ||
| 003 | AR-UNSa-BCEJYS | ||
| 040 |
_aAR-UNSa-BCEJYS _bspa _cAR-UNSa-BCEJYS |
||
| 080 |
_a657 _xContabilidad |
||
| 245 | 1 | 0 | _aContabilidad de empresas |
| 264 | 1 |
_aMéxico : _bCentro Regional de Ayuda Técnica _c1974 |
|
| 300 |
_a2 v.(xiv, 185; xiv,109 p.) _c27 cm. |
||
| 505 | _aVol. I: 1. Repaso del proceso contable - 2. Fundamentos de la teoría contable - 3. Inventarios- Genralidades - 4. Inventarios - Sistemas de inventario permanente - 5. Inventarios - Procedimiento para su estimación - 6. Bienes de Uso -Adquisición, utilización y baja - 7. Bienes de uso - Amortización, agotamiento y revalúo - 8. Disponiblidades e inversiones temporarias - 10. Créditos - 11. Inversiones a largo plazo en acciones - 12. Pasivo corriente y pasivo contigente - 13. Sociedades anónimas - su formación - 14. Sociedades anónimas - Destino de las utilidades no distribuidas -- Vol. II: 17. Principios de matemática financiera y sus aplicaciones en contabilidad - 18. Contabilización de operaciones con bonos - 19. Fondos con fines determinados - 20. Registros incompletos y corrección de errores - 21. Imputación de impuesto a los réditos y efectos contables del nivel de precios - 22. Pensiones y arrendamientos - 23. Estados comparativos y análisis por medio de índices - 24. Análisis de variaciones y punto de equilibrio - 25. Análisis del flujo de fondos. | ||
| 942 | _cBK | ||
| 590 | _aniveau_biblio:m niveau_hierar:0 | ||
| 100 | 1 | _aHermanson, Roger H. | |
| 700 | 1 | _aWelsch, Glenn A. | |
| 999 |
_c1841 _d1841 |
||